| 000 | 00506nam a2200145Ia 4500 | ||
|---|---|---|---|
| 008 | 200619s9999 xx 000 0 und d | ||
| 020 | _a9.7898106989e+012 | ||
| 100 | _aHorngren, Charles | ||
| 245 |
_cCharles Horngren, George Foster, Srikant M. Datar Madhav Rajan, Christipher Ittner.-- _aCost accounting: _bA managerial emphasis |
||
| 250 | _a13th ed. | ||
| 260 |
_aSingapore : _bPearson Education _c2009 |
||
| 300 | _axxvii, 870 pages | ||
| 500 | _aIncludes appendix and index | ||
| 650 | _aAccounting. | ||
| 999 |
_c363762 _d363762 |
||